LIBRARY & INFORMATION CENTRE, KCAET, TAVANUR

ONLINE PUBLIC ACCESS CATALOGUE (OPAC)

Status of dewatering in kole lands of Kerala (Record no. 14934)

MARC details
000 -LEADER
fixed length control field 00639nam a22001817a 4500
003 - CONTROL NUMBER IDENTIFIER
control field OSt
088 ## - REPORT NUMBER
Report number P 221
100 ## - MAIN ENTRY--AUTHOR NAME
Personal name ANOOP V.V
-- ARUN ASHOK
-- DHANANJAY KUMAR
-- SAMEER MOHAMED
245 ## - TITLE STATEMENT
Title Status of dewatering in kole lands of Kerala
260 ## - PUBLICATION, DISTRIBUTION, ETC. (IMPRINT)
Place of publication Tavanur 2010
Name of publisher Kelappaji College of Agricultural Engineering and Technology
300 ## - PHYSICAL DESCRIPTION
Number of Pages 48
500 ## - GENERAL NOTE
General note Status of dewatering in kole lands of Kerala
520 ## - SUMMARY, ETC.
Summary, etc Status of dewatering in kole lands of Kerala
700 ## - ADDED ENTRY--PERSONAL NAME
Personal name Dr.M Sivaswami (Guide)
856 ## - ELECTRONIC LOCATION AND ACCESS
Uniform Resource Identifier https://drive.google.com/open?id=1N-9CcLr5vF8rOYIBnmFlZLkQywRLirHX
942 ## - ADDED ENTRY ELEMENTS (KOHA)
Koha item type Project Report
Holdings
Collection code Home library Current library Shelving location Full call number Accession Number Koha item type
Reference KAUAET KAUAET Reference 631.3 ANO/ST P 221 Project Report
free website counter